| 000 | 00000nam##2200000za#4500 |
| 001 | 9.647295 |
| 003 | CaOODSP |
| 005 | 20200330133336 |
| 007 | ta |
| 008 | 150407|2000||||xxc||||| f|0| 0 eng|d |
| 020 | |a0-662-27681-7 |
| 040 | |aCaOODSP|beng |
| 043 | |an-cn--- |
| 086 | 1 |aH22-21/27-1999E |
| 110 | 1 |aCanada.|bHuman Resources Development Canada. |bIncome Security Programs. |
| 245 | 10|aSummary: Social Security Agreement between Canada and Germany : |bMarch, 1999 |
| 260 | |aOttawa - Ontario : |bHuman Resources Development Canada. |c2000. |
| 300 | |avi, 21p. ; |c22 cm. |
| 563 | |aSoftcover |
| 590 | |a00-24|b2000-06-16 |
| 690 | 07|aPensions|2gcpds |
| 690 | 07|aIncome security|2gcpds |
| 775 | 08|tRésumé: Accord de sécurité sociale entre le Canada et l'Allemagne : |w(CaOODSP)9.680723 |
| 776 | 0#|tAgreement on social security between Canada and the Federal Republic of Germany |w(CaOODSP)9.696899 |
| 986 | |aISPB-114-03-99E |